Countries with the Easternmost Westernmost Point - Statistics

General Stats
  • This quiz has been taken 1,925 times
    1,923 since last reset
  • The average score is 18 of 20
Answer Stats
Longitude Country % Correct
129°43'E Japan
99%
165°50'E New Zealand
97%
176°53'E Fiji
93%
124°39'E South Korea
93%
124°10'E North Korea
92%
160°54'E Marshall Islands
91%
114°17'E Philippines
91%
176°03'E Tuvalu
91%
166°33'E Vanuatu
91%
166°53'E Nauru
90%
131°07'E Palau
90%
155°33'E Solomon Islands
90%
137°30'E F.S. Micronesia
88%
140°55'E Papua New Guinea
88%
102°08'E Vietnam
88%
115°26'E Taiwan
87%
124°00'E East Timor
84%
114°05'E Brunei
80%
103°36'E Singapore
77%
102°25'E Cambodia
72%
No matching quizzes found
Score Distribution
Percent of People with Each Score
Percentile by Number Answered
Your Score History
You have not taken this quiz since the last reset